Joe Keery Movies! - Statistics

General Stats
  • This quiz has been taken 28 times
  • The average score is 5 of 8
Answer Stats
Hint Answer % Correct
2021 Free Guy
86%
2020 Spree
76%
2015 Henry Gamble's Birthday Party
62%
2017 Molly's Game
57%
TBD Cold Storage
52%
2018 After Everything
48%
2018 Slice
48%
2016 The Charnel House
43%
No matching quizzes found
Score Distribution
Percent of People with Each Score
Percentile by Number Answered
Your Score History
You have not taken this quiz